<?xml version="1.0" encoding="UTF-8"?><?xml-stylesheet type="text/xsl" href="static/style.xsl"?><OAI-PMH xmlns="http://www.openarchives.org/OAI/2.0/" xmlns:xsi="http://www.w3.org/2001/XMLSchema-instance" xsi:schemaLocation="http://www.openarchives.org/OAI/2.0/ http://www.openarchives.org/OAI/2.0/OAI-PMH.xsd"><responseDate>2026-04-13T02:23:51Z</responseDate><request verb="GetRecord" identifier="oai:www.recercat.cat:2072/401109" metadataPrefix="marc">https://recercat.cat/oai/request</request><GetRecord><record><header><identifier>oai:recercat.cat:2072/401109</identifier><datestamp>2024-10-29T20:15:10Z</datestamp><setSpec>com_2072_98</setSpec><setSpec>col_2072_378192</setSpec></header><metadata><record xmlns="http://www.loc.gov/MARC21/slim" xmlns:dcterms="http://purl.org/dc/terms/" xmlns:xsi="http://www.w3.org/2001/XMLSchema-instance" xmlns:doc="http://www.lyncode.com/xoai" xsi:schemaLocation="http://www.loc.gov/MARC21/slim http://www.loc.gov/standards/marcxml/schema/MARC21slim.xsd">
   <leader>00925njm 22002777a 4500</leader>
   <datafield ind2=" " ind1=" " tag="042">
      <subfield code="a">dc</subfield>
   </datafield>
   <datafield ind2=" " ind1=" " tag="720">
      <subfield code="a">Vizcaíno, Celestina</subfield>
      <subfield code="e">author</subfield>
   </datafield>
   <datafield ind2=" " ind1=" " tag="720">
      <subfield code="a">Conde García, Cristina</subfield>
      <subfield code="e">author</subfield>
   </datafield>
   <datafield ind2=" " ind1=" " tag="720">
      <subfield code="a">Sáenz-López Buñuel, Pedro</subfield>
      <subfield code="e">author</subfield>
   </datafield>
   <datafield ind2=" " ind1=" " tag="720">
      <subfield code="a">Rebollo González, José Antonio</subfield>
      <subfield code="e">author</subfield>
   </datafield>
   <datafield ind2=" " ind1=" " tag="260">
      <subfield code="c">2013</subfield>
   </datafield>
   <datafield ind2=" " ind1=" " tag="520">
      <subfield code="a">Rules affect the technical-tactical elements since they establish the limits on the players' actions in relation to the ball and the rest of the players. However, there are very few references that discuss this topic. Thus, it was decided to get familiar with the opinions of experts, referees, and coaches regarding the utilisation of the rules and regulations at the mini-basketball stage. The sample was made up of 9 subjects who were interviewed: three coaches, three referees, and three experts. All had university degrees and certification from the federation as well as experience in the minibasketball division. The instrument that was used was the semi-structured interview. The Delphi method was followed for the design of the interview, and 5 university professors participated in selecting the dimensions and questions. After the definitive composition and the pilot study, the various professionals from the sample were contacted and interviewed. The content of the interviews was recorded and transcribed. The coding was done by four researchers, and the reliability was assured by the Kappa index, of which the mean index was K = .78. The analysis was done with MXQDA 10 and SPSS 20. The participants insist on the importance of teaching the rules to the players when they begin playing basketball, given that this learning allows them to understand the internal logic of the game. Further, they explain the need for this relationship in the learning process and it even opens up the possibility for programming around the rules, given that they are what give the game and its technical-tactical elements meaning.</subfield>
   </datafield>
   <datafield tag="653" ind2=" " ind1=" ">
      <subfield code="a">Regles</subfield>
   </datafield>
   <datafield tag="653" ind2=" " ind1=" ">
      <subfield code="a">Regulacions</subfield>
   </datafield>
   <datafield tag="653" ind2=" " ind1=" ">
      <subfield code="a">Bàsquet</subfield>
   </datafield>
   <datafield tag="653" ind2=" " ind1=" ">
      <subfield code="a">Iniciació</subfield>
   </datafield>
   <datafield tag="653" ind2=" " ind1=" ">
      <subfield code="a">Rules</subfield>
   </datafield>
   <datafield tag="653" ind2=" " ind1=" ">
      <subfield code="a">Regulations</subfield>
   </datafield>
   <datafield tag="653" ind2=" " ind1=" ">
      <subfield code="a">Basketball</subfield>
   </datafield>
   <datafield tag="653" ind2=" " ind1=" ">
      <subfield code="a">Initiation</subfield>
   </datafield>
   <datafield ind2="0" ind1="0" tag="245">
      <subfield code="a">Referees', coaches', and experts' opinions on the utilisation of the rules in the teaching-learning process of mini-basketball</subfield>
   </datafield>
</record></metadata></record></GetRecord></OAI-PMH>